Primi 15 paesi interessati da Covid-19 - 15 settembre 2021 - Statistics

Statistiche generali
  • Questo quiz è stato fatto 7 volte
  • Il punteggio medio è 13 su 26
Statistiche sulle risposte
paese % Corretto
Francia
100%
Italia
100%
Spagna
100%
Brasile
86%
Germania
86%
India
86%
Russia
86%
Stati Uniti
86%
Argentina
71%
Messico
71%
Paesi Bassi
71%
Regno Unito
71%
Indonesia
57%
Colombia
43%
Iran
29%
Slovenia
29%
Svezia
29%
Turchia
29%
Panama
14%
Uruguay
14%
Bahrain
0%
Cechia
0%
Estonia
0%
Georgia
0%
Israele
0%
Lituania
0%
Nessun quiz corrispondente trovato
Distribuzione punteggi
Percentuale di utenti per punteggio
Percentile per numero di risposta
I tuoi punteggi nel tempo
Non hai fatto questo quiz